|
|
|
|
| LEADER |
00000nab#a22000007a#4500 |
| 001 |
arbauad018105 |
| 003 |
AR-BaUAD |
| 005 |
20250711111617.0 |
| 008 |
960326|||||||||###||||||b###|0###a|spa|| |
| 040 |
|
|
|a AR-BaUAD
|c AR-BaUAD
|b spa
|
| 245 |
1 |
0 |
|a Macerata
|b un progetto nel centro storico di Iginio Cappai e Pietro Mainardis
|
| 300 |
0 |
|
|b axonom., cortes, plantas
|
| 653 |
|
|
|a UNIVERSIDAD DE MACERATA
|
| 653 |
|
|
|a ITALIA
|
| 653 |
|
|
|a CAPPAI, IGINIO
|
| 653 |
|
|
|a MAINARDIS, PIETRO
|
| 653 |
|
|
|a PROYECTOS
|
| 653 |
|
|
|a CENTROS DE CONVENCIONES
|
| 653 |
|
|
|a BIBLIOTECAS
|
| 773 |
0 |
|
|t Casabella
|g no. 591 [jun. 1992], p. 64-66
|
| 942 |
|
|
|c ARTI
|
| 952 |
|
|
|0 0
|1 0
|4 0
|7 0
|9 63025
|a AR-BAuAD
|b AR-BAuAD
|d 2025-07-11
|l 0
|p AAQA018105
|r 2025-07-11 11:16:17
|w 2025-07-11
|y ARTI
|
| 990 |
|
|
|a AQ199
|b TD
|
| 998 |
|
|
|a AAQ
|b BIBUN76
|
| 999 |
|
|
|c 42698
|d 42698
|